| 000 | 00896amm a2200265a 44500 | ||
|---|---|---|---|
| 008 | 211112s2021 cat | ||
| 041 |
_acat _beng |
||
| 110 |
_aTERMCAT _960609 |
||
| 245 |
_aTurisme: Com treballem al s. XXI _cGeneralitat de Catalunya. Departament d'Empresa i Treball; TERMCAT, Centre de Terminologia _h[en lĂnia] |
||
| 260 |
_aBarcelona _bTERMCAT, Centre de Terminologia _c2021 |
||
| 300 |
_a1 infografia _bil. |
||
| 500 | _btermcat | ||
| 520 | _a9 | ||
| 592 | _aObra terminològica | ||
| 593 | _aNP | ||
| 593 | _aVX | ||
| 650 | 0 |
_atreball _960859 |
|
| 650 | 0 |
_aturisme _962014 |
|
| 710 |
_aCatalunya. Departament d'Empresa i Treball _975108 |
||
| 856 | _uhttps://www.termcat.cat/ca/recursos/productes-multimedia/turisme-com-treballem-al-s-xxi | ||
| 901 | _ccop. <2021> | ||
| 902 | _a211112 | ||
| 942 |
_cMO _n0 _2ddc |
||
| 999 |
_c67997 _d67997 |
||